| 000 | 00896nam a2200193 a 4500 | ||
|---|---|---|---|
| 008 | 120416s1985 ||||||||||||||||| || u | ||
| 020 | _a0023636009 | ||
| 050 | _aTK 5101 KIL | ||
| 100 | _aKillen, Harold B | ||
| 245 | 1 | 0 | _aModern electronic communication techniques |
| 260 |
_aNew York: _bMacmillan _c1985 |
||
| 300 | _axvii, 555p. : ill. | ||
| 350 | _a0.00 | ||
| 650 | 0 | _aELECTRONICS | |
| 650 | _aTELECOMMUNICATION | ||
| 995 |
_aMAIN LIBRARY OPEN ACCESS _D0.00 _e712667 _FCBU-MAIN LIBRARY (Kitwe) _H1 _I29.95 _jTK 5101 Kil _UAVAILABLE _y017349 _ZMain Library Open Access Collection |
||
| 995 |
_aMAIN LIBRARY OPEN ACCESS _D0.00 _e720783 _FCBU-MAIN LIBRARY (Kitwe) _H3 _I29.95 _jTK 5101 Kil _UAVAILABLE _y017350 _ZMain Library Open Access Collection |
||
| 995 |
_aMAIN LIBRARY OPEN ACCESS _D0.00 _e721700 _FCBU-MAIN LIBRARY (Kitwe) _H2 _I29.95 _jTK 5101 Kil _UAVAILABLE _y017348 _ZMain Library Open Access Collection |
||
| 999 |
_c77576 _d77576 |
||